UBT Library

An illustrated cultural history of England (Record no. 41076)

000 -LEADER
fixed length control field 00631cam a2200241 4500
001 - CONTROL NUMBER
control field 3591274
005 - DATE AND TIME OF LATEST TRANSACTION
control field 20180127035748.0
008 - FIXED-LENGTH DATA ELEMENTS--GENERAL INFORMATION
fixed length control field 731001s1967 enkabce b 000 0 eng
010 ## - LIBRARY OF CONGRESS CONTROL NUMBER
LC control number 67082640
015 ## - NATIONAL BIBLIOGRAPHY NUMBER
National bibliography number B67-7020
040 ## - CATALOGING SOURCE
Original cataloging agency DLC
Transcribing agency DLC
Modifying agency DLC
041 ## - LANGUAGE CODE
Language code of text/sound track or separate title eng
043 ## - GEOGRAPHIC AREA CODE
Geographic area code e-uk---
-- e-uk-en
080 ## - UNIVERSAL DECIMAL CLASSIFICATION NUMBER
Universal Decimal Classification number DA110
082 00 - DEWEY DECIMAL CLASSIFICATION NUMBER
Classification number 700.942 HAL
Edition number 19
100 1# - Rafti
Rafti 16
101 ## - Shkurtesa
Shkurtesa HIS
245 13 - TITLE STATEMENT
Title An illustrated cultural history of England
Statement of responsibility, etc [by] F. E. Halliday.
504 ## - BIBLIOGRAPHY, ETC. NOTE
Bibliography, etc Bibliography: p. [6]
740 0# - ADDED ENTRY--UNCONTROLLED RELATED/ANALYTICAL TITLE
Uncontrolled related/analytical title Cultural history of England.
906 ## - LOCAL DATA ELEMENT F, LDF (RLIN)
a 7
b cbc
c orignew
d u
e opcn
f 19
g y-gencatlg
942 ## - ADDED ENTRY ELEMENTS (KOHA)
Source of classification or shelving scheme
Item type Books
Holdings
Withdrawn status Lost status Source of classification or shelving scheme Damaged status Not for loan Collection code Permanent location Current location Shelving location Date acquired Total Checkouts Full call number Barcode Date last seen Price effective from Koha item type
          Koleksioni i përgjithshem UBT - Lipjan UBT - Lipjan Koleksioni i përgjithshem 01/27/2018   700.942 HAL 002-2996473 01/27/2018 01/27/2018 Books
UBT Library © 2015-2024. All rights reserved University Education for Business and Technology